Franco Spain and her European Neighbours (Record no. 2798)

000 -LEADER
fixed length control field 00563nam a22000977a 4500
008 - FIXED-LENGTH DATA ELEMENTS--GENERAL INFORMATION
fixed length control field 180702b ||||| |||| 00| 0 eng d
100 ## - MAIN ENTRY--AUTHOR'S NAME
Author's Name Shelley, Ronald
245 ## - TITLE STATEMENT
Title Franco Spain and her European Neighbours
260 ## - PUBLICATION, DISTRIBUTION, ETC. (IMPRINT)
Place of publication, distribution, etc. Wandsworth, England
Name of publisher, distributor, etc. Spanish Civil War Study Group
Date of publication, distribution, etc. 1964
650 ## - TOPICAL TERM (Tag)
Topical term or geographic name Spain -- History -- Civil War, 1936-1939 | Spanish Civil War | Spain | Military Conflicts | Postal History | 1936-1940 | Military Mail | Censored Mail | Prisoner-of-War and Internee Mail | Postal Markings | Europe | France | Italy | Germany | Great Britain | Ireland | Portugal
Holdings
Withdrawn status Lost status Source of classification or shelving scheme Damaged status Koha normalized classification for sorting Not for loan Collection code Permanent Location Current Location Shelving location Date acquired Total Checkouts Full call number Barcode Date last seen Copy number Price effective from
        G6561 M643 S545     Northern Philatelic Library Northern Philatelic Library Closed Stacks 07/02/2018   G6561 M643 S545 1005182 07/02/2018 1 07/02/2018

Powered by Koha